<?xml version="1.0" encoding="UTF-8"?>
<collection xmlns:xsi="http://www.w3.org/2001/XMLSchema-instance" xsi:schemaLocation="http://www.loc.gov/MARC21/slim http://www.loc.gov/standards/marcxml/schema/MARC21slim.xsd" xmlns="http://www.loc.gov/MARC21/slim">
 <record>
  <leader>00000cam a22000004i 4500</leader>
  <controlfield tag="001">UP-99796217610914795</controlfield>
  <controlfield tag="003">Buklod</controlfield>
  <controlfield tag="005">20130815134112.0</controlfield>
  <controlfield tag="006">g||| g      q   v|</controlfield>
  <controlfield tag="007">ta</controlfield>
  <controlfield tag="008">130815s2012    xx     d     r    |||| u|</controlfield>
  <datafield tag="020" ind1=" " ind2=" ">
   <subfield code="a">9789712726828</subfield>
  </datafield>
  <datafield tag="035" ind1=" " ind2=" ">
   <subfield code="a">(iLib)UPD-00200305433</subfield>
  </datafield>
  <datafield tag="040" ind1=" " ind2=" ">
   <subfield code="a">DML</subfield>
   <subfield code="e">rda</subfield>
  </datafield>
  <datafield tag="041" ind1="0" ind2=" ">
   <subfield code="a">fil</subfield>
  </datafield>
  <datafield tag="042" ind1=" " ind2=" ">
   <subfield code="a">DMLUC</subfield>
  </datafield>
  <datafield tag="090" ind1=" " ind2=" ">
   <subfield code="a">PL 6164.3</subfield>
   <subfield code="b">I83 2012</subfield>
  </datafield>
  <datafield tag="245" ind1="0" ind2="0">
   <subfield code="a">Isahan</subfield>
   <subfield code="b">kalipunan ng mga dramatikong monologo</subfield>
   <subfield code="c">Arthur Casanova, editor-manunulat.</subfield>
  </datafield>
  <datafield tag="264" ind1=" " ind2="1">
   <subfield code="a">Mandaluyong City</subfield>
   <subfield code="b">Anvil Publishing, Inc.</subfield>
   <subfield code="c">[2012]</subfield>
  </datafield>
  <datafield tag="300" ind1=" " ind2=" ">
   <subfield code="a">xii, 143 pages</subfield>
   <subfield code="c">26 cm</subfield>
  </datafield>
  <datafield tag="336" ind1=" " ind2=" ">
   <subfield code="a">text</subfield>
   <subfield code="2">rdacontent</subfield>
  </datafield>
  <datafield tag="337" ind1=" " ind2=" ">
   <subfield code="a">unmediated</subfield>
   <subfield code="2">rdamedia</subfield>
  </datafield>
  <datafield tag="338" ind1=" " ind2=" ">
   <subfield code="a">volume</subfield>
   <subfield code="2">rdacarrier</subfield>
  </datafield>
  <datafield tag="505" ind1="0" ind2=" ">
   <subfield code="t">Datu Amai pakpak</subfield>
   <subfield code="r">Arthur P. Casanova --</subfield>
   <subfield code="t">Pepe</subfield>
   <subfield code="r">Malou L. Jacob --</subfield>
   <subfield code="t">Pule</subfield>
   <subfield code="r">Tonyo --</subfield>
   <subfield code="t">Eleaor Roosevelt</subfield>
   <subfield code="r">Frank G. Rivera --</subfield>
   <subfield code="t">Desdemona ng Davao (babaeng bihag ng nag-uumpugang alaala)</subfield>
   <subfield code="r">Karl Gaspar, Malou F. Tiangco --</subfield>
   <subfield code="t">Leona; isang sulyap</subfield>
   <subfield code="r">Ruth Elynia S. Mabanglo --</subfield>
   <subfield code="t">Puring</subfield>
   <subfield code="r">Vince M. Tanada --</subfield>
   <subfield code="t">Tatalon</subfield>
   <subfield code="r">Rogelio R. Sicat --</subfield>
   <subfield code="t">Mango farmer</subfield>
   <subfield code="r">Layeta P. Bucoy --</subfield>
   <subfield code="t">Huling ensayo para sa iyo</subfield>
   <subfield code="r">Njel de Mesa --</subfield>
   <subfield code="t">Panamilit</subfield>
   <subfield code="r">Sunnie C. Noel --</subfield>
   <subfield code="t">Pamamaalam</subfield>
   <subfield code="r">salin sa Filipino ni Arthur P. Casanova ng monologo sa wikang Cebuanong &quot;Panamilit&quot; ni Sunnie C. Noel --</subfield>
   <subfield code="t">Banta sa Bai Bibyaon</subfield>
   <subfield code="r">Marili Fernandez-Ilagan --</subfield>
   <subfield code="t">Sa lugar ng isang libo't isang kapayapaan</subfield>
   <subfield code="r">Pepito P. Sumayan --</subfield>
   <subfield code="t">DVD, VCD, atbp.</subfield>
   <subfield code="r">John Louie D. Balagot --</subfield>
   <subfield code="t">Si Sendong sa aking puso't isipan</subfield>
   <subfield code="r">Arthur P. Casanova.</subfield>
  </datafield>
  <datafield tag="650" ind1=" " ind2="0">
   <subfield code="a">Philippine drama</subfield>
   <subfield code="v">Collections.</subfield>
  </datafield>
  <datafield tag="700" ind1="1" ind2=" ">
   <subfield code="a">Casanova, Arthur</subfield>
   <subfield code="e">editor.</subfield>
  </datafield>
  <datafield tag="905" ind1=" " ind2=" ">
   <subfield code="a">FI</subfield>
  </datafield>
  <datafield tag="852" ind1="0" ind2=" ">
   <subfield code="a">UPD</subfield>
   <subfield code="b">DMLF</subfield>
   <subfield code="h">PL 6164.3</subfield>
   <subfield code="i">I83 2012</subfield>
  </datafield>
  <datafield tag="852" ind1="0" ind2=" ">
   <subfield code="a">UPD</subfield>
   <subfield code="b">DMLF</subfield>
   <subfield code="h">PL 6164.3</subfield>
   <subfield code="i">I83 2012 in stacks</subfield>
  </datafield>
  <datafield tag="942" ind1=" " ind2=" ">
   <subfield code="a">Book</subfield>
  </datafield>
 </record>
</collection>
